Hỏi & đáp pháp luật đại cương Dùng cho học viên cao học, nghiên cứu sinh và sinh viên các trường đại học, cao đẳng
ĐTTS ghi Tủ sách học tập, nghiên cứu môn học ngành khoa học xã hội và nhân văn
Na minha lista:
| Autor principal: | |
|---|---|
| Formato: | Livro |
| Idioma: | Undetermined |
| Publicado em: |
H.
ĐHQGHN
2010
|
| Assuntos: | |
| Acesso em linha: | http://lrc.tdmu.edu.vn/opac/search/detail.asp?aID=2&ID=7463 |
| Tags: |
Adicionar Tag
Sem tags, seja o primeiro a adicionar uma tag!
|
| Thư viện lưu trữ: | Trung tâm Học liệu Trường Đại học Thủ Dầu Một |
|---|
| LEADER | 00890nam a2200217Ia 4500 | ||
|---|---|---|---|
| 001 | TDMU_7463 | ||
| 008 | 210410s9999 xx 000 0 und d | ||
| 082 | |a 340.076 | ||
| 090 | |b TR121 | ||
| 100 | |a Trần, Thị Cúc | ||
| 245 | 0 | |a Hỏi & đáp pháp luật đại cương | |
| 245 | 0 | |b Dùng cho học viên cao học, nghiên cứu sinh và sinh viên các trường đại học, cao đẳng | |
| 245 | 0 | |c Ts Trần Thị Cúc,Ts Nguyễn Thị Phượng | |
| 260 | |a H. | ||
| 260 | |b ĐHQGHN | ||
| 260 | |c 2010 | ||
| 300 | |a 90tr | ||
| 520 | |a ĐTTS ghi Tủ sách học tập, nghiên cứu môn học ngành khoa học xã hội và nhân văn | ||
| 650 | |a Hỏi -Đáp; Pháp luật | ||
| 856 | |u http://lrc.tdmu.edu.vn/opac/search/detail.asp?aID=2&ID=7463 | ||
| 980 | |a Trung tâm Học liệu Trường Đại học Thủ Dầu Một | ||